| 000 | 00341cam a2200121ua 4500 | ||
|---|---|---|---|
| 082 |
_a664 _bSWA/ES |
||
| 100 |
_aSwaminathan, M . _9176 |
||
| 245 | _aEssentials of food and nutrition: Appliled aspects Vol.II / | ||
| 250 | _a2 / En Rv | ||
| 260 |
_aBangalore : _bBangalore Printing & Publishing co. Ltd , _c2008 |
||
| 300 | _a544 | ||
| 942 | _cBK | ||
| 999 |
_c8553 _d8553 |
||